[Event "DVM U16 2018"]
[Site "Aurich GER"]
[Date "2018.12.28"]
[Round "3"]
[White "Hundrieser, Malte"]
[Black "Wang, Ruiming"]
[Result "1-0"]
[Termination "normal"]
[Board "2.4"]
[WhiteElo "1988"]
[BlackElo "1763"]
[WhiteClock "00:20:14"]
[BlackClock "00:30:45"]
[WhiteTeam "Reideburger SV 90 Halle"]
[BlackTeam "SG Leipzig"]
[PlyCount "89"]
[WhiteFideId "12997153"]
[BlackFideId "16217659"]
[EventCountry "GER"]
[EventRounds "7"]
[EventType "team-swiss"]
[EventDate "2018.12.26"]

1. e4 {[%clk 01:30:56]} c5 {[%clk 01:30:53]} {[%emt 00:00:10]} 2. Nf3 {[%clk
01:31:21]} d6 {[%clk 01:31:16]} {[%emt 00:00:12]} 3. d4 {[%clk 01:32:02]} cxd4
4. Nxd4 {[%clk 01:32:14]} {[%emt 00:00:14]} Nf6 5. Nc3 {[%emt 00:00:28]} g6
{[%clk 01:32:06]} {[%emt 00:00:08]} 6. Be3 {[%clk 01:32:09]} Bg7 {[%clk
01:32:26]} {[%emt 00:00:46]} 7. Bc4 {[%emt 00:01:10]} O-O {[%emt 00:00:20]} 8.
f3 {[%clk 01:31:53]} {[%emt 00:00:01]} Nc6 {[%clk 01:32:53]} {[%emt 00:00:18]}
9. Qd2 {[%clk 01:32:00]} {[%emt 00:00:23]} Bd7 {[%clk 01:32:57]} {[%emt
00:00:27]} 10. O-O-O {[%clk 01:31:59]} {[%emt 00:00:30]} Rb8 {[%clk 01:32:07]}
{[%emt 00:01:21]} 11. Bb3 {[%clk 01:28:17]} {[%emt 00:04:11]} Na5 {[%clk
01:24:30]} {[%emt 00:08:08]} 12. h4 {[%clk 01:15:25]} {[%emt 00:13:21]} b5
{[%clk 01:23:06]} {[%emt 00:01:55]} 13. Kb1 {[%clk 01:06:50]} {[%emt 00:09:04]}
Nc4 {[%clk 01:11:00]} {[%emt 00:12:37]} 14. Bxc4 {[%clk 01:06:51]} {[%emt
00:00:29]} bxc4 {[%clk 01:11:23]} {[%emt 00:00:06]} 15. g4 {[%clk 01:02:48]}
{[%emt 00:04:33]} Qb6 {[%clk 01:10:19]} {[%emt 00:01:34]} 16. b3 {[%clk
01:02:18]} {[%emt 00:01:01]} Qb4 {[%clk 01:04:36]} {[%emt 00:06:13]} 17. g5
{[%clk 00:56:48]} {[%emt 00:06:00]} cxb3 {[%clk 00:56:05]} {[%emt 00:09:01]}
18. cxb3 {[%clk 00:54:34]} {[%emt 00:02:44]} Nh5 {[%clk 00:38:54]} {[%emt
00:17:40]} 19. Nd5 {[%clk 00:54:33]} {[%emt 00:00:30]} Qa3 {[%clk 00:34:44]}
{[%emt 00:04:41]} 20. Nxe7+ {[%clk 00:53:53]} {[%emt 00:01:10]} Kh8 {[%clk
00:35:10]} {[%emt 00:00:05]} 21. Qc1 {[%clk 00:42:52]} {[%emt 00:11:30]} Qa6
{[%clk 00:33:19]} {[%emt 00:02:21]} 22. Nc2 {[%clk 00:34:07]} {[%emt 00:09:15]}
Ng3 {[%clk 00:31:09]} {[%emt 00:02:41]} 23. Rhe1 {[%clk 00:19:03]} {[%emt
00:15:34]} Ne2 {[%clk 00:29:26]} {[%emt 00:02:12]} 24. Rxe2 {[%clk 00:19:09]}
{[%emt 00:00:24]} Qxe2 {[%clk 00:29:51]} {[%emt 00:00:05]} 25. Rxd6 {[%clk
00:16:16]} {[%emt 00:03:23]} Be6 {[%clk 00:24:06]} {[%emt 00:06:15]} 26. Bd4
{[%clk 00:15:01]} {[%emt 00:01:45]} Bxd4 {[%clk 00:15:55]} {[%emt 00:08:41]}
27. Nxd4 {[%clk 00:15:20]} {[%emt 00:00:11]} Qd3+ {[%clk 00:15:38]} {[%emt
00:00:47]} 28. Ka1 {[%clk 00:14:38]} {[%emt 00:01:13]} Bxb3 {[%clk 00:11:16]}
{[%emt 00:04:52]} 29. axb3 {[%clk 00:11:59]} {[%emt 00:03:09]} Rxb3 {[%clk
00:10:42]} {[%emt 00:01:04]} 30. Nxb3 {[%clk 00:11:02]} {[%emt 00:01:27]} Qxd6
{[%clk 00:11:03]} {[%emt 00:00:09]} 31. Qc3+ {[%clk 00:08:46]} {[%emt
00:02:46]} f6 {[%clk 00:11:24]} {[%emt 00:00:09]} 32. Nd5 {[%clk 00:07:15]}
{[%emt 00:02:01]} Qa6+ {[%clk 00:11:20]} {[%emt 00:00:34]} 33. Kb1 {[%clk
00:06:39]} {[%emt 00:01:03]} Qf1+ {[%clk 00:11:40]} {[%emt 00:00:12]} 34. Kc2
{[%clk 00:06:45]} {[%emt 00:00:23]} Qe2+ {[%clk 00:12:01]} {[%emt 00:00:10]}
35. Nd2 {[%clk 00:06:03]} {[%emt 00:01:12]} Qa6 {[%clk 00:12:05]} {[%emt
00:00:26]} 36. gxf6 {[%clk 00:03:36]} {[%emt 00:02:57]} Rc8 {[%clk 00:08:50]}
{[%emt 00:03:46]} 37. Nc7 {[%clk 00:03:47]} {[%emt 00:00:18]} Qa2+ {[%clk
00:09:11]} {[%emt 00:00:09]} 38. Kd1 {[%clk 00:03:33]} {[%emt 00:00:44]} Qf7
{[%clk 00:09:34]} {[%emt 00:00:07]} 39. Qd4 {[%clk 00:03:13]} {[%emt 00:00:50]}
Kg8 {[%clk 00:07:06]} {[%emt 00:02:58]} 40. Nd5 {[%clk 00:02:43]} {[%emt
00:01:00]} Re8 {[%clk 00:04:49]} {[%emt 00:02:48]} 41. Nc4 {[%clk 00:26:13]}
{[%emt 00:07:29]} Qd7 {[%clk 00:29:57]} {[%emt 00:05:52]} 42. Ne5 {[%clk
00:19:22]} {[%emt 00:07:21]} Rxe5 {[%clk 00:30:09]} {[%emt 00:00:19]} 43. Qxe5
{[%clk 00:19:42]} {[%emt 00:00:10]} Qa4+ {[%clk 00:30:28]} {[%emt 00:00:10]}
44. Ke1 {[%clk 00:19:56]} {[%emt 00:00:14]} Qa5+ {[%clk 00:30:45]} {[%emt
00:00:16]} 45. Qc3 {[%clk 00:20:14]} {[%emt 00:00:12]} 1-0

[Event "DVM U16 2018"]
[Site "Aurich GER"]
[Date "2018.12.28"]
[Round "3"]
[White "Pölt, Christoph"]
[Black "Runte, Moritz"]
[Result "1/2-1/2"]
[Termination "normal"]
[Board "3.1"]
[WhiteElo "2075"]
[BlackElo "1963"]
[WhiteClock "00:11:38"]
[BlackClock "00:20:35"]
[WhiteTeam "TV Tegernsee"]
[BlackTeam "SV Hemer"]
[PlyCount "52"]
[WhiteFideId "12960853"]
[BlackFideId "12991449"]
[EventCountry "GER"]
[EventRounds "7"]
[EventType "team-swiss"]
[EventDate "2018.12.26"]

1. d4 {[%clk 01:30:57]} {[%emt 00:00:02]} d5 {[%clk 01:30:46]} {[%emt
00:00:14]} 2. c4 {[%clk 01:31:22]} {[%emt 00:00:06]} e6 {[%clk 01:31:10]}
{[%emt 00:00:05]} 3. Nf3 {[%clk 01:31:47]} {[%emt 00:00:05]} Nf6 {[%clk
01:31:34]} {[%emt 00:00:06]} 4. g3 {[%clk 01:32:12]} {[%emt 00:00:05]} dxc4
{[%clk 01:31:40]} {[%emt 00:00:24]} 5. Bg2 {[%clk 01:31:37]} {[%emt 00:01:05]}
Nc6 {[%clk 01:32:00]} {[%emt 00:00:10]} 6. Qa4 {[%clk 01:31:01]} {[%emt
00:01:07]} Bb4+ {[%clk 01:32:23]} {[%emt 00:00:07]} 7. Bd2 {[%clk 01:30:01]}
{[%emt 00:01:29]} Nd5 {[%clk 01:32:45]} {[%emt 00:00:08]} 8. Bxb4 {[%clk
01:26:28]} {[%emt 00:04:03]} Ndxb4 {[%clk 01:33:01]} {[%emt 00:00:14]} 9. O-O
{[%clk 00:57:48]} {[%emt 00:29:10]} Rb8 {[%clk 01:32:49]} {[%emt 00:00:41]} 10.
Nc3 {[%clk 00:52:54]} {[%emt 00:05:25]} a6 {[%clk 01:33:00]} {[%emt 00:00:18]}
11. a3 {[%clk 00:41:22]} {[%emt 00:12:03]} b5 {[%clk 01:32:32]} {[%emt
00:00:58]} 12. Qd1 {[%clk 00:41:35]} {[%emt 00:00:16]} Nd5 {[%clk 01:32:41]}
{[%emt 00:00:21]} 13. e4 {[%clk 00:38:46]} {[%emt 00:03:19]} Nxc3 {[%clk
01:29:40]} {[%emt 00:03:30]} 14. bxc3 {[%clk 00:39:13]} {[%emt 00:00:05]} O-O
{[%clk 01:27:35]} {[%emt 00:02:35]} 15. h4 {[%clk 00:37:08]} {[%emt 00:02:35]}
Bb7 {[%clk 01:20:06]} {[%emt 00:07:58]} 16. Qc2 {[%clk 00:33:54]} {[%emt
00:03:45]} h6 {[%clk 01:13:56]} {[%emt 00:06:39]} 17. h5 {[%clk 00:29:01]}
{[%emt 00:05:24]} Ne7 {[%clk 01:06:05]} {[%emt 00:08:20]} 18. Nh4 {[%clk
00:26:09]} {[%emt 00:03:23]} c5 {[%clk 01:03:26]} {[%emt 00:03:08]} 19. Rad1
{[%clk 00:24:46]} {[%emt 00:01:53]} cxd4 {[%clk 01:02:04]} {[%emt 00:01:52]}
20. cxd4 {[%clk 00:23:59]} {[%emt 00:01:18]} f5 {[%clk 00:49:35]} {[%emt
00:12:59]} 21. Rfe1 {[%clk 00:16:39]} {[%emt 00:07:50]} fxe4 {[%clk 00:39:15]}
{[%emt 00:10:49]} 22. Bxe4 {[%clk 00:16:42]} {[%emt 00:00:27]} Nf5 {[%clk
00:39:10]} {[%emt 00:00:35]} 23. Bxf5 {[%clk 00:14:46]} {[%emt 00:02:27]} exf5
{[%clk 00:39:11]} {[%emt 00:00:28]} 24. Nxf5 {[%clk 00:14:55]} {[%emt
00:00:22]} Rf7 {[%clk 00:26:44]} {[%emt 00:12:56]} 25. Re5 {[%clk 00:12:45]}
{[%emt 00:02:41]} Qf6 {[%clk 00:23:23]} {[%emt 00:03:51]} 26. Rde1 {[%clk
00:11:38]} {[%emt 00:01:36]} Rbf8 {[%clk 00:20:35]} {[%emt 00:03:18]} 1/2-1/2

[Event "DVM U16 2018"]
[Site "Aurich GER"]
[Date "2018.12.28"]
[Round "3"]
[White "Leonard, Timo"]
[Black "Schnegelberg, Christian"]
[Result "1/2-1/2"]
[Termination "normal"]
[Board "3.2"]
[WhiteElo "1833"]
[BlackElo "1836"]
[WhiteClock "00:07:22"]
[BlackClock "00:16:34"]
[WhiteTeam "SV Hemer"]
[BlackTeam "TV Tegernsee"]
[PlyCount "36"]
[WhiteFideId "16208757"]
[BlackFideId "12994154"]
[EventCountry "GER"]
[EventRounds "7"]
[EventType "team-swiss"]
[EventDate "2018.12.26"]

1. d4 {[%clk 01:30:56]} {[%emt 00:00:03]} Nf6 {[%clk 01:30:51]} {[%emt
00:00:09]} 2. c4 {[%clk 01:31:23]} {[%emt 00:00:04]} g6 {[%clk 01:31:11]}
{[%emt 00:00:10]} 3. h4 {[%clk 01:31:49]} {[%emt 00:00:03]} Bg7 {[%clk
01:29:35]} {[%emt 00:02:06]} 4. Nc3 {[%clk 01:31:55]} {[%emt 00:00:25]} d5
{[%clk 01:27:51]} {[%emt 00:02:14]} 5. h5 {[%clk 01:30:58]} {[%emt 00:01:26]}
Nxh5 {[%clk 01:05:08]} {[%emt 00:23:13]} 6. cxd5 {[%clk 01:31:05]} {[%emt
00:00:24]} c6 {[%clk 01:00:24]} {[%emt 00:05:14]} 7. e4 {[%clk 01:29:43]}
{[%emt 00:01:52]} cxd5 {[%clk 00:53:22]} {[%emt 00:07:32]} 8. e5 {[%clk
01:30:08]} {[%emt 00:00:04]} Bf8 {[%clk 00:45:47]} {[%emt 00:08:05]} 9. g4
{[%clk 01:27:39]} {[%emt 00:02:59]} Ng7 {[%clk 00:46:10]} {[%emt 00:00:07]} 10.
Bg2 {[%clk 01:08:47]} {[%emt 00:19:21]} Be6 {[%clk 00:37:48]} {[%emt 00:08:52]}
11. Qb3 {[%clk 00:48:15]} {[%emt 00:21:02]} Qd7 {[%clk 00:27:18]} {[%emt
00:11:00]} 12. Bh6 {[%clk 00:21:33]} {[%emt 00:27:12]} Nc6 {[%clk 00:25:21]}
{[%emt 00:02:27]} 13. O-O-O {[%clk 00:19:59]} {[%emt 00:02:04]} O-O-O {[%clk
00:23:32]} {[%emt 00:02:19]} 14. Nge2 {[%clk 00:19:06]} {[%emt 00:01:23]} Na5
{[%clk 00:17:55]} {[%emt 00:06:07]} 15. Qa3 {[%clk 00:18:02]} {[%emt 00:01:35]}
Nc6 {[%clk 00:16:56]} {[%emt 00:01:29]} 16. Qb3 {[%clk 00:15:22]} {[%emt
00:03:10]} Na5 {[%clk 00:17:10]} {[%emt 00:00:15]} 17. Qa3 {[%clk 00:14:20]}
{[%emt 00:01:33]} Nc6 {[%clk 00:17:34]} {[%emt 00:00:05]} 18. Qb3 {[%clk
00:07:22]} {[%emt 00:07:29]} Na5 {[%clk 00:16:34]} {[%emt 00:01:30]} 1/2-1/2

[Event "DVM U16 2018"]
[Site "Aurich GER"]
[Date "2018.12.28"]
[Round "3"]
[White "Naumenko, Valerija"]
[Black "Dietlmeier, Tobias"]
[Result "1-0"]
[Termination "normal"]
[Board "3.4"]
[WhiteElo "1619"]
[BlackElo "1769"]
[WhiteClock "00:03:43"]
[BlackClock "00:01:10"]
[WhiteTeam "SV Hemer"]
[BlackTeam "TV Tegernsee"]
[PlyCount "131"]
[WhiteFideId "16222890"]
[BlackFideId "16213963"]
[EventCountry "GER"]
[EventRounds "7"]
[EventType "team-swiss"]
[EventDate "2018.12.26"]

1. e4 {[%clk 00:00:00]} {[%emt 00:00:06]} c6 {[%clk 01:30:51]} {[%emt
00:00:28]} 2. Nc3 {[%clk 01:30:56]} {[%emt 00:00:05]} d5 {[%clk 01:30:50]}
{[%emt 00:00:30]} 3. Qe2 {[%clk 01:31:20]} {[%emt 00:00:06]} dxe4 {[%clk
01:29:22]} {[%emt 00:01:58]} 4. Nxe4 {[%clk 01:31:42]} {[%emt 00:00:09]} Bf5
{[%clk 01:28:47]} {[%emt 00:01:05]} 5. d3 {[%clk 01:31:59]} {[%emt 00:00:13]}
Qc7 {[%clk 01:25:52]} {[%emt 00:03:25]} 6. g4 {[%clk 01:32:14]} {[%emt
00:00:15]} Bg6 {[%clk 01:21:27]} {[%emt 00:04:55]} 7. Bd2 {[%clk 01:24:56]}
{[%emt 00:07:47]} e6 {[%clk 01:19:49]} {[%emt 00:02:08]} 8. O-O-O {[%clk
01:20:51]} {[%emt 00:04:35]} Nd7 {[%clk 01:19:02]} {[%emt 00:01:18]} 9. f4
{[%clk 01:13:09]} {[%emt 00:08:11]} O-O-O {[%clk 01:13:54]} {[%emt 00:05:38]}
10. h4 {[%clk 01:08:41]} {[%emt 00:04:58]} h5 {[%clk 01:11:46]} {[%emt
00:02:38]} 11. g5 {[%clk 00:53:29]} {[%emt 00:15:42]} Ne7 {[%clk 01:03:55]}
{[%emt 00:08:21]} 12. Bh3 {[%clk 00:50:22]} {[%emt 00:03:38]} Nf5 {[%clk
01:00:39]} {[%emt 00:03:45]} 13. Nf3 {[%clk 00:33:06]} {[%emt 00:17:47]} Nc5
{[%clk 00:58:00]} {[%emt 00:03:09]} 14. Bxf5 {[%clk 00:22:35]} {[%emt
00:11:01]} Bxf5 {[%clk 00:56:47]} {[%emt 00:01:43]} 15. Ne5 {[%clk 00:20:33]}
{[%emt 00:02:32]} Na4 {[%clk 00:46:37]} {[%emt 00:10:40]} 16. g6 {[%clk
00:13:50]} {[%emt 00:07:13]} f6 {[%clk 00:39:24]} {[%emt 00:07:43]} 17. Nf7
{[%clk 00:14:03]} {[%emt 00:00:17]} Bg4 {[%clk 00:38:55]} {[%emt 00:00:59]} 18.
Qf2 {[%clk 00:14:28]} {[%emt 00:00:05]} Bxd1 {[%clk 00:36:53]} {[%emt
00:02:32]} 19. Qxa7 {[%clk 00:13:46]} {[%emt 00:01:12]} Nb6 {[%clk 00:14:20]}
{[%emt 00:23:04]} 20. Rxd1 {[%clk 00:12:54]} {[%emt 00:01:21]} Be7 {[%clk
00:11:53]} {[%emt 00:02:57]} 21. Nxh8 {[%clk 00:12:19]} {[%emt 00:01:05]} Rxh8
{[%clk 00:09:43]} {[%emt 00:02:40]} 22. Kb1 {[%clk 00:05:16]} {[%emt 00:07:32]}
Kd7 {[%clk 00:02:44]} {[%emt 00:07:29]} 23. Qa5 {[%clk 00:04:07]} {[%emt
00:01:40]} Ra8 {[%clk 00:02:24]} {[%emt 00:00:50]} 24. Nc5+ {[%clk 00:03:12]}
{[%emt 00:01:25]} Bxc5 {[%clk 00:02:03]} {[%emt 00:00:51]} 25. Qxc5 {[%clk
00:03:38]} {[%emt 00:00:04]} Nd5 {[%clk 00:02:04]} {[%emt 00:00:29]} 26. c4
{[%clk 00:03:50]} {[%emt 00:00:18]} Ne7 {[%clk 00:01:51]} {[%emt 00:00:43]} 27.
Bb4 {[%clk 00:03:34]} {[%emt 00:00:46]} Ke8 {[%clk 00:01:50]} {[%emt 00:00:31]}
28. Re1 {[%clk 00:03:36]} {[%emt 00:00:28]} b6 {[%clk 00:01:50]} {[%emt
00:00:31]} 29. Qxe7+ {[%clk 00:01:21]} {[%emt 00:02:45]} Qxe7 {[%clk 00:02:11]}
{[%emt 00:00:09]} 30. Bxe7 {[%clk 00:01:46]} {[%emt 00:00:05]} Kxe7 {[%clk
00:02:30]} {[%emt 00:00:10]} 31. f5 {[%clk 00:02:13]} {[%emt 00:00:03]} e5
{[%clk 00:02:38]} {[%emt 00:00:23]} 32. d4 {[%clk 00:02:36]} {[%emt 00:00:05]}
Kd6 {[%clk 00:02:45]} {[%emt 00:00:24]} 33. dxe5+ {[%clk 00:02:45]} {[%emt
00:00:21]} fxe5 {[%clk 00:02:51]} {[%emt 00:00:24]} 34. a3 {[%clk 00:02:11]}
{[%emt 00:01:05]} Rf8 {[%clk 00:03:01]} {[%emt 00:00:19]} 35. Rf1 {[%clk
00:02:23]} {[%emt 00:00:18]} Rf6 {[%clk 00:02:43]} {[%emt 00:00:48]} 36. Kc2
{[%clk 00:02:20]} {[%emt 00:00:33]} e4 {[%clk 00:02:24]} {[%emt 00:00:49]} 37.
b4 {[%clk 00:02:01]} {[%emt 00:00:50]} Ke5 {[%clk 00:02:19]} {[%emt 00:00:35]}
38. Kc3 {[%clk 00:01:08]} {[%emt 00:01:22]} Rd6 {[%clk 00:01:34]} {[%emt
00:01:14]} 39. a4 {[%clk 00:00:47]} {[%emt 00:00:50]} e3 {[%clk 00:01:04]}
{[%emt 00:01:02]} 40. f6 {[%clk 00:00:31]} {[%emt 00:00:46]} e2 {[%clk
00:00:44]} {[%emt 00:00:50]} 41. Re1 {[%clk 00:00:51]} {[%emt 00:00:10]} Kxf6
{[%clk 00:30:09]} {[%emt 00:01:05]} 42. Rxe2 {[%clk 00:31:12]} {[%emt
00:00:09]} Kxg6 {[%clk 00:29:53]} {[%emt 00:00:46]} 43. c5 {[%clk 00:31:21]}
{[%emt 00:00:22]} bxc5 {[%clk 00:29:09]} {[%emt 00:01:13]} 44. bxc5 {[%clk
00:29:47]} {[%emt 00:02:04]} Rf6 {[%clk 00:27:55]} {[%emt 00:01:44]} 45. Kd3
{[%clk 00:26:54]} {[%emt 00:03:22]} Kf7 {[%clk 00:25:45]} {[%emt 00:02:40]} 46.
a5 {[%clk 00:26:38]} {[%emt 00:00:47]} Rf4 {[%clk 00:24:05]} {[%emt 00:02:10]}
47. Re4 {[%clk 00:26:29]} {[%emt 00:00:39]} Rf3+ {[%clk 00:22:40]} {[%emt
00:01:55]} 48. Kc4 {[%clk 00:26:26]} {[%emt 00:00:33]} Ra3 {[%clk 00:22:09]}
{[%emt 00:01:02]} 49. Kb4 {[%clk 00:26:46]} {[%emt 00:00:10]} Ra1 {[%clk
00:21:54]} {[%emt 00:00:45]} 50. Re3 {[%clk 00:26:45]} {[%emt 00:00:30]} Kf6
{[%clk 00:15:55]} {[%emt 00:06:29]} 51. Ra3 {[%clk 00:26:03]} {[%emt 00:01:13]}
Rb1+ {[%clk 00:14:59]} {[%emt 00:01:25]} 52. Kc3 {[%clk 00:21:43]} {[%emt
00:04:50]} Rb8 {[%clk 00:11:34]} {[%emt 00:03:55]} 53. a6 {[%clk 00:21:17]}
{[%emt 00:00:56]} Ke5 {[%clk 00:11:08]} {[%emt 00:00:55]} 54. Kc4 {[%clk
00:08:17]} {[%emt 00:13:31]} Ke4 {[%clk 00:10:36]} {[%emt 00:01:03]} 55. a7
{[%clk 00:06:43]} {[%emt 00:02:03]} Ra8 {[%clk 00:10:01]} {[%emt 00:01:04]} 56.
Ra6 {[%clk 00:06:36]} {[%emt 00:00:38]} Ke5 {[%clk 00:09:26]} {[%emt 00:01:05]}
57. Rxc6 {[%clk 00:05:39]} {[%emt 00:01:27]} Rxa7 {[%clk 00:09:33]} {[%emt
00:00:23]} 58. Rg6 {[%clk 00:05:50]} {[%emt 00:00:18]} Kf5 {[%clk 00:04:04]}
{[%emt 00:06:00]} 59. Rg5+ {[%clk 00:05:21]} {[%emt 00:00:59]} Kf6 {[%clk
00:02:28]} {[%emt 00:02:07]} 60. Kb5 {[%clk 00:05:24]} {[%emt 00:00:27]} g6
{[%clk 00:00:51]} {[%emt 00:02:06]} 61. c6 {[%clk 00:05:42]} {[%emt 00:00:12]}
Rg7 {[%clk 00:00:53]} {[%emt 00:00:28]} 62. Kb6 {[%clk 00:05:57]} {[%emt
00:00:15]} Ke6 {[%clk 00:00:53]} {[%emt 00:00:31]} 63. c7 {[%clk 00:04:36]}
{[%emt 00:01:51]} Kd7 {[%clk 00:00:48]} {[%emt 00:00:34]} 64. Rd5+ {[%clk
00:04:50]} {[%emt 00:00:17]} Ke6 {[%clk 00:00:53]} {[%emt 00:00:24]} 65. c8=Q
{[%clk 00:03:43]} {[%emt 00:01:37]} Kxd5 {[%clk 00:01:10]} {[%emt 00:00:13]}
66. Qc6+ {[%emt 00:01:16]} 1-0

[Event "DVM U16 2018"]
[Site "Aurich GER"]
[Date "2018.12.28"]
[Round "3"]
[White "Knüdel, Torben"]
[Black "Garbuz, Vitaliy"]
[Result "0-1"]
[Termination "normal"]
[Board "4.1"]
[WhiteElo "2204"]
[BlackElo "2119"]
[WhiteTeam "Post SV Uelzen"]
[BlackTeam "SF Brackel"]
[PlyCount "146"]
[WhiteFideId "16208820"]
[BlackFideId "12990710"]
[EventCountry "GER"]
[EventRounds "7"]
[EventType "team-swiss"]
[EventDate "2018.12.26"]

1. e4 e5 2. Nf3 Nc6 3. Bb5 a6 4. Ba4 Nf6 5. O-O Be7 6. Re1 b5 7. Bb3 O-O 8. a4
b4 9. d4 d6 10. dxe5 Nxe5 11. Bf4 Ng6 12. Bg3 Bb7 13. Qd3 Nd7 14. Qe3 Bf6 15.
c3 Re8 16. Nbd2 a5 17. Rad1 Nc5 18. Bc2 Qe7 19. Nd4 bxc3 20. bxc3 Qd7 21. Nb5
Bc6 22. c4 Bxb5 23. cxb5 Qe7 24. f4 Nf8 25. Kh1 Nfd7 26. Nf3 h5 $11 27. Bf2 g6
28. e5 Qf8 29. Qd2 Be7 30. Qd5 Ne6 31. f5 gxf5 32. Bxf5 Ndc5 33. Bc2 Qg7 34.
Nd4 Nxd4 35. Bxd4 Ne6 36. Ba1 Qg5 37. Qe4 Qh6 38. Re3 h4 39. Rf1 d5 40. Qg4+
Qg5 41. Qxg5+ Bxg5 42. Ref3 Re7 43. g3 h3 44. Bf5 Nc5 45. Bd4 Ne4 46. Rd3 Bh6
47. Re1 Bg7 48. Bxe4 dxe4 49. Rxe4 Rd8 50. Rde3 f5 51. exf6 $11 Rxe4 52. Rxe4
Bxf6 53. Bf2 Bc3 54. Rh4 Rd1+ 55. Bg1 Bd2 56. Re4 Bc1 57. g4 Kf7 58. Re2 Kg6
59. Re6+ Kg5 60. Re8 Bb2 61. Re4 Rc1 62. b6 cxb6 63. Re5+ Kf4 64. Rd5 Ba3 65.
g5 Bc5 66. Rxc5 bxc5 67. g6 Rc2 68. g7 Rg2 69. Be3+ Kf3 70. Bxc5 Rxg7 71. Bb6
Rb7 72. Bf2 Rb4 73. Bb6 Rxb6 0-1

[Event "DVM U16 2018"]
[Site "Aurich GER"]
[Date "2018.12.28"]
[Round "3"]
[White "Kartsev, Nikolay"]
[Black "von Estorff, Jacob"]
[Result "0-1"]
[Termination "normal"]
[Board "4.2"]
[WhiteElo "2055"]
[BlackElo "2001"]
[WhiteTeam "SF Brackel"]
[BlackTeam "Post SV Uelzen"]
[PlyCount "104"]
[WhiteFideId "12939536"]
[BlackFideId "12974501"]
[EventCountry "GER"]
[EventRounds "7"]
[EventType "team-swiss"]
[EventDate "2018.12.26"]

1. e4 c5 2. Nf3 Nc6 3. d4 cxd4 4. Nxd4 g6 5. Nc3 Bg7 6. Be3 Nf6 7. f3 d5 8. Bb5
Bd7 9. exd5 Nxd4 10. Bxd7 Qxd7 11. Qxd4 O-O 12. O-O Qf5 13. Qd2 Rfd8 14. Rad1
b6 15. Qd3 Qd7 16. Rd2 Qb7 17. Qb5 Rd7 18. Rfd1 Rad8 19. Qc6 Qb8 20. Ne2 Qe5
21. Qc3 Nxd5 22. Qxe5 Bxe5 23. c4 Nf6 24. Rxd7 Rxd7 25. Rxd7 Nxd7 26. b3 f5 27.
Nd4 Bxd4 28. Bxd4 e5 29. Be3 Kf7 30. Kf1 Ke6 31. Ke2 Kd6 32. Kd3 a5 33. Kc3 Kc6
34. a3 Kd6 35. b4 axb4 36. Kxb4 Kc6 37. a4 Nc5 38. a5 bxa5 39. Kxa5 f4 40. Bf2
g5 41. h3 Nd3 42. Ba7 Ne1 43. Bb8 Nxg2 44. Bxe5 Ne1 45. Bf6 Nxf3 46. Kb4 Ng1
47. Kc3 Nxh3 48. Bd4 g4 49. Kd3 f3 50. Kd2 g3 51. Be5 g2 52. Bh2 f2 0-1

[Event "DVM U16 2018"]
[Site "Aurich GER"]
[Date "2018.12.28"]
[Round "3"]
[White "Askerov, Imamali"]
[Black "Kracht, Raphael"]
[Result "1/2-1/2"]
[Termination "normal"]
[Board "4.3"]
[WhiteElo "1964"]
[BlackElo "2047"]
[WhiteTeam "Post SV Uelzen"]
[BlackTeam "SF Brackel"]
[PlyCount "35"]
[WhiteFideId "12974498"]
[BlackFideId "16214382"]
[EventCountry "GER"]
[EventRounds "7"]
[EventType "team-swiss"]
[EventDate "2018.12.26"]

1. e4 e5 2. Nf3 Nc6 3. Bb5 Nge7 4. Nc3 g6 5. d4 exd4 6. Nd5 Bg7 7. Bg5 h6 8.
Bf6 Bxf6 9. Nxf6+ Kf8 10. Qd2 d6 11. O-O-O Kg7 12. Nxd4 Kxf6 13. Qc3 Nxd4 14.
Qxd4+ Ke6 15. Qc4+ Kf6 16. Qd4+ Ke6 17. Qc4+ Kf6 18. Qd4+ 1/2-1/2

[Event "DVM U16 2018"]
[Site "Aurich GER"]
[Date "2018.12.28"]
[Round "3"]
[White "Seref, Erdogan"]
[Black "Rothenberg, Nina"]
[Result "1/2-1/2"]
[Termination "normal"]
[Board "4.4"]
[WhiteElo "2015"]
[BlackElo "1696"]
[WhiteTeam "SF Brackel"]
[BlackTeam "Post SV Uelzen"]
[PlyCount "51"]
[WhiteFideId "16206827"]
[BlackFideId "16208943"]
[EventCountry "GER"]
[EventRounds "7"]
[EventType "team-swiss"]
[EventDate "2018.12.26"]

1. e4 e6 2. d4 d5 3. Nd2 dxe4 4. Nxe4 Qd5 5. Ng3 Nc6 6. Nf3 b6 7. Be2 Bb7 8.
O-O O-O-O 9. c4 Qd7 10. Be3 Nf6 11. Qb3 Ng4 12. Rad1 Nxe3 13. fxe3 Bd6 14. Ne4
Qe7 15. Nc3 g5 16. Ne1 g4 17. Qb5 h5 18. d5 Qh4 19. g3 Bxg3 20. hxg3 Qxg3+ 21.
Ng2 Ne5 22. Ne4 Qh3 23. Ng5 Qg3 24. Ne4 Qh3 25. Ng5 Qg3 26. Ne4 1/2-1/2

[Event "DVM U16 2018"]
[Site "Aurich GER"]
[Date "2018.12.28"]
[Round "3"]
[White "Bethke, Richard"]
[Black "Kopylov, Daniel"]
[Result "1/2-1/2"]
[Termination "normal"]
[Board "5.1"]
[WhiteElo "2219"]
[BlackElo "2239"]
[WhiteTeam "SF Neuberg"]
[BlackTeam "TuRa Harksheide Norderstedt"]
[PlyCount "49"]
[WhiteFideId "12959243"]
[BlackFideId "12921971"]
[EventCountry "GER"]
[EventRounds "7"]
[EventType "team-swiss"]
[EventDate "2018.12.26"]

1. e4 c5 2. Nf3 d6 3. d4 cxd4 4. Nxd4 Nf6 5. Nc3 Nc6 6. Bg5 e6 7. Qd2 Be7 8.
O-O-O Nxd4 9. Qxd4 O-O 10. e5 dxe5 11. Qxe5 Nd7 12. Bxe7 Qxe7 13. Qc7 Qd8 14.
Qxd8 Rxd8 15. Be2 Rf8 16. Nb5 Nf6 17. Bf3 a6 18. Nd6 Rb8 19. Nxc8 Rfxc8 20. Rd6
b6 21. Rhd1 Kf8 22. Rc6 Rxc6 23. Bxc6 a5 24. h3 Ke7 25. g3 1/2-1/2

[Event "DVM U16 2018"]
[Site "Aurich GER"]
[Date "2018.12.28"]
[Round "3"]
[White "Hovhannisyan, Artur"]
[Black "Bethke, Robert"]
[Result "1/2-1/2"]
[Termination "normal"]
[Board "5.2"]
[WhiteElo "2104"]
[BlackElo "2000"]
[WhiteTeam "TuRa Harksheide Norderstedt"]
[BlackTeam "SF Neuberg"]
[PlyCount "64"]
[WhiteFideId "12986062"]
[BlackFideId "12959251"]
[EventCountry "GER"]
[EventRounds "7"]
[EventType "team-swiss"]
[EventDate "2018.12.26"]

1. e4 e5 2. Nf3 Nf6 3. Nxe5 d6 4. Nf3 Nxe4 5. c4 Be7 6. Nc3 Nxc3 7. dxc3 Nc6 8.
Be3 Be6 9. Qc2 Qd7 10. Bd3 h6 11. O-O-O O-O-O 12. Nd4 Kb8 13. Nxe6 fxe6 14. Be4
Ne5 15. Qb3 c6 16. Qb4 c5 17. Qb3 Qc7 18. h3 Rhf8 19. f4 Nc6 20. g4 g5 $11 21.
f5 exf5 22. Bxf5 Bf6 23. Bf2 Be5 24. Rhf1 Ne7 25. Be4 Rf4 26. Bg2 Rdf8 27. Be3
Rxf1 28. Rxf1 Rxf1+ 29. Bxf1 Ng6 30. Bg2 Bf4 31. Bxf4 Nxf4 32. Be4 Qe7 1/2-1/2